000
00290nam a22001337a 4500
008
171121b xxu||||| |||| 00| 0 eng d
020
_a
9780073532035
041
_a
eng
080
_2
9 ED
_a
159.9
100
_a
48
101
_a
PSI
245
_a
ADOLESCENCE
_c
LAURENCE.S
942
_2
udc
_c
BK
999
_c
38286
_d
38286